Ryanair bases 2025 - Statistics

General Stats
  • This quiz has been taken 53 times
  • The average score is 68 of 94
Answer Stats
Answer % Correct
Greece Athens
97%
UK Manchester
97%
Spain Barcelona
95%
Germany Berlin
95%
Ireland Dublin
95%
UK Edinburgh
95%
UK Glasgow
95%
Portugal Lisbon
92%
UK Birmingham
89%
Hungary Budapest
89%
Ireland Cork
89%
Poland Krakow
89%
Portugal Porto
89%
Poland Warsaw
89%
Spain Alicante
86%
Slovakia Bratislava
86%
Romania Bucharest
86%
Germany Cologne
86%
UK Liverpool
86%
Spain Madrid
86%
Morocco Marrakesh
86%
Denmark Copenhagen
84%
France Marseille
84%
Spain Seville
84%
Sweden Stockholm
84%
Austria Vienna
84%
Croatia Zagreb
84%
Italy Bari
81%
UK London Luton
81%
Spain Malaga
81%
Malta Malta
81%
Czechia Prague
81%
Latvia Riga
81%
Albania Tirana
81%
Lithuania Vilnius
81%
UK Belfast
78%
Italy Bologna
78%
UK Bristol
78%
UK London Stansted
78%
UK Newcastle
78%
Italy Palermo
78%
Spain Palma de Mallorca
78%
Bulgaria Sofia
78%
Italy Venice
78%
Morocco Agadir
76%
Croatia Dubrovnik
76%
Portugal Faro
76%
Greece Thessaloniki
76%
Italy Bergamo
73%
Belgium Charleroi
73%
Poland Gdansk
73%
UK Leeds
73%
Italy Naples
73%
Italy Pisa
73%
France Toulouse
73%
Spain Valencia
73%
Greece Corfu
70%
Morocco Fes
70%
Sweden Gothenburg
70%
Ireland Shannon
70%
Poland Wroclaw
70%
France Beauvais
68%
Italy Catania
68%
Spain Girona
68%
Lithuania Kaunas
68%
Morocco Tangier
68%
Spain Tenerife
68%
Croatia Zadar
68%
Spain Ibiza
65%
Poland Katowice
65%
Cyprus Paphos
65%
Italy Turin
65%
Italy Brindisi
59%
Greece Rhodes
59%
UK Bournemouth
57%
Greece Chania
57%
UK East Midlands
57%
Germany Hahn
57%
Italy Cagliari
54%
Italy Milan-Malpensa
54%
Poland Poznan
54%
Italy Trieste
51%
Italy Lamezia Terme
49%
Germany Nuremberg
46%
Italy Rome Fiumicino
46%
Germany Memmingen
43%
Italy Rome Ciampino
43%
Spain Santiago de Compostela
43%
Italy Treviso
43%
Germany Karlsruhe/Baden-Baden
41%
Germany Weeze
41%
Portugal Ponta Delgada
38%
Italy Pescara
35%
Italy Reggio Calabria
30%
No matching quizzes found
Score Distribution
Percent of People with Each Score
Percentile by Number Answered
Your Score History
You have not taken this quiz